000
00376nam a22001457a 4500
020
_a
0421878800
082
_a
346.4103 WEI
100
_a
Weir, Tony
245
_a
A Casebook on Tort /
_c
Tony Weir
260
_a
London :
_b
Sweet & Maxwell,
_c
2004.
300
_a
681 p. ;
_c
23 cm.
942
_2
ddc
_c
BK
999
_c
587075
_d
587075